| 000 | 01184nam a2200313 i 4500 | ||
|---|---|---|---|
| 999 |
_c68003 _d68003 |
||
| 003 | Mx-PuUPA | ||
| 005 | 20220302080809.0 | ||
| 008 | 181112s2014 maua||||r|||| 00| 0 eng d | ||
| 020 | _a9781284031676 | ||
| 040 |
_aMx-PuUPA _bspa _cMx-PuUPA _dMx-PuUPA _erda |
||
| 041 | 0 | _aeng | |
| 100 | 1 |
_aStewart, Michael J., _94966 _eautor |
|
| 245 | 1 | 0 |
_aNetwork security, firewalls, and VPNs / _cJ. Michael Stewart |
| 250 | _aSecond edition | ||
| 264 | 1 |
_aBurlington, MA : _bJones & Bartlett Learning Books, _c©2014 |
|
| 300 |
_axiv, 488 páginas : _bilustraciones ; _c24 cm. |
||
| 336 |
_atexto _2rdacontent _btxt |
||
| 337 |
_asin medio _2rdamedia _bn |
||
| 338 |
_avolumen _2rdacarrier _bnc |
||
| 490 | 0 | _aInformation Systems Security & Assurance Series | |
| 650 | 4 |
_aRedes de computadoras _xMedidas de seguridad |
|
| 650 | 4 | _aRedes de información | |
| 942 |
_2ddc _cLI _h005.8 _iS7991 |
||